Guess the football players from their picture (medium level) - Statistics

General Stats
  • This quiz has been taken 158 times
  • The average score is 12 of 16
Answer Stats
Picture Answer % Correct
Karim Adeyemi
83%
Marquinhos
81%
Nacho
80%
Paulo Dybala
78%
Yann Sommer
78%
Joško Gvardiol
76%
Diogo Jota
75%
Joselu
75%
De Ligt
74%
Rasmus Højlund
74%
Victor Osimhen
71%
Aymeric Laporte
70%
Dominik Szoboszlai
70%
Pau Cubarsí
65%
Guglielmo Vicario
63%
Eric Dier
62%
No matching quizzes found
Score Distribution
Percent of People with Each Score
Percentile by Number Answered
Your Score History
You have not taken this quiz